Official Languages of South Africa - Statistics

General Stats
  • This quiz has been taken 26,037 times
    25,978 since last reset
  • The average score is 5 of 11
Answer Stats
% Language % Correct
9.6% English
97%
13.5% Afrikaans
86%
22.7% Zulu
71%
16.0% Xhosa
53%
7.6% Sesotho
36%
2.5% Swazi
32%
8.0% Tswana
30%
2.1% Ndebele
20%
9.1% Northern Sotho
18%
2.4% Venda
17%
4.5% Tsonga
15%
No matching quizzes found
Score Distribution
Percent of People with Each Score
Percentile by Number Answered
Your Score History
You have not taken this quiz since the last reset